00326 a2200121 45000010005000001000015000052450026000202600017000460900015000639420023000789990019001019520084001206967 aMahmood, S aInternational affairs abTerosonsc c5751d5751 aNUST-CAEcMc32213 c242040d242040 001040708NFICaCAEbCAEd2017-04-03l0pCAE15336r2017-04-05w2017-04-05yBK